00862nam a22002057a 45000050016000000100014000160200026000300350014000560370015000700820008000851000043000932450135001362460064002712600062003352700090003973000052004876500055005396500024005947000038006182010080509369.0 aHIN-89996 a9789380327440c450.00 a HN-62342 bDBAD / PUB aउ aबार्नो, स्नोवा aदेह गगन के सात समंदर /cस्नोवा बार्नो व सैन्नी अशेष aDeh Gagan Ke Sat Samandar bby Snowa Barno And Sanni Ashesh aमेरठbसंवाद प्रकाशनc2009 aआई-499, शास्त्री नगरbमेरठ (उ.प्र.)e250004 a270पृ.c22सेमी (सजिल्द) bहिन्दी कथा साहित्य bHindi Katha Sahitya aअशेष, सैन्नी